La Faillite Dans Le Droit International Privé Ou Du Conflit Des Lois De Différentes Nations En Matière De Faillite : (Record no. 67599)
[ view plain ]
| 000 -LEADER | |
|---|---|
| fixed length control field | 01117nam a2200289 i 4500 |
| 003 - CONTROL NUMBER IDENTIFIER | |
| control field | EG-GICUC |
| 005 - DATE AND TIME OF LATEST TRANSACTION | |
| control field | 20260330224225.0 |
| 008 - FIXED-LENGTH DATA ELEMENTS--GENERAL INFORMATION | |
| fixed length control field | 260330s1875 fr ||||fr|||| 00| 0 fre d |
| 040 ## - CATALOGING SOURCE | |
| Original cataloging agency | EG-GiCUC |
| Language of cataloging | fre |
| Transcribing agency | EG-GiCUC |
| Modifying agency | EG-GiCUC |
| Description conventions | Rda |
| 082 04 - DEWEY DECIMAL CLASSIFICATION NUMBER | |
| Edition number | 21 |
| Classification number | 341.84 |
| Item number | CA . F |
| 092 04 - LOCALLY ASSIGNED DEWEY CALL NUMBER (OCLC) | |
| Edition number | 21 |
| 099 ## - LOCAL FREE-TEXT CALL NUMBER (OCLC) | |
| Classification number | Law1 12 341.84 CA . F 1875 |
| 100 1# - MAIN ENTRY--PERSONAL NAME | |
| Personal name | Carle,M.Giaseppe |
| Relator term | Auteur |
| 245 ## - TITLE STATEMENT | |
| Title | La Faillite Dans Le Droit International Privé Ou Du Conflit Des Lois De Différentes Nations En Matière De Faillite : |
| Remainder of title | Traduit Et Annoté Avec Une Analyse De La Jurisprudence Française Et Plusieurs Autres Additions / |
| Statement of responsibility, etc. | M. Giuseppe Carle . |
| 264 #1 - PRODUCTION, PUBLICATION, DISTRIBUTION, MANUFACTURE, AND COPYRIGHT NOTICE | |
| Place of production, publication, distribution, manufacture | Paris : |
| Name of producer, publisher, distributor, manufacturer | A. Marescq Aîné, Libraire-Éditeur , |
| Date of production, publication, distribution, manufacture, or copyright notice | 1875 . |
| 300 ## - PHYSICAL DESCRIPTION | |
| Extent | 163 page ; |
| Dimensions | 24 cm. |
| 336 ## - CONTENT TYPE | |
| Source | rda contenu |
| Content type term | texte |
| 337 ## - MEDIA TYPE | |
| Source | rda medias |
| Media type term | Ordinateur |
| 338 ## - CARRIER TYPE | |
| Source | transporteur rda |
| Carrier type term | Ressource en ligne |
| 546 ## - LANGUAGE NOTE | |
| Language note | Texte en français |
| 650 ## - SUBJECT ADDED ENTRY--TOPICAL TERM | |
| Topical term or geographic name entry element | Droit International Privé |
| 650 ## - SUBJECT ADDED ENTRY--TOPICAL TERM | |
| Topical term or geographic name entry element | Conflit De Lois |
| 700 1# - ADDED ENTRY--PERSONAL NAME | |
| Personal name | Dubois,M.Ernest |
| Relator term | Auteur |
| 856 40 - ELECTRONIC LOCATION AND ACCESS | |
| Uniform Resource Identifier | <a href="https://fll.law.cu.edu.eg/fulltext/bks/B12-02883.pdf">https://fll.law.cu.edu.eg/fulltext/bks/B12-02883.pdf</a> |
| 905 ## - Cataloger and Reviser Names | |
| Cataloger Name: | Logain Ashraf |
| 942 ## - ADDED ENTRY ELEMENTS (KOHA) | |
| Source of classification or shelving scheme | Dewey Decimal Classification |
| Suppress in OPAC | No |
| Koha item type | Books |
| Edition | 21 |
| Withdrawn status | Lost status | Source of classification or shelving scheme | Damaged status | Not for loan | Collection | Home library | Current library | Date acquired | Total checkouts | Full call number | Barcode | Date last seen | Copy number | Price effective from | Koha item type |
|---|---|---|---|---|---|---|---|---|---|---|---|---|---|---|---|
| Dewey Decimal Classification | Not for loan | القانون الدولي الخاص | جــــامعة القــاهرة | مكتبة كلية الحقوق - المبنى الرئيسي | 31.03.2026 | Law1 12 341.84 CA . F 1875 1202883 C1 | B12-02883 | 30.03.2026 | 1 | 30.03.2026 | Books |